| 000 | 00623nam a2200241Ia 4500 | ||
|---|---|---|---|
| 003 | OSt | ||
| 005 | 20220927112745.0 | ||
| 006 | a|||||r|||| 00| 0 | ||
| 007 | ta | ||
| 008 | 220926b |||||||| |||| 00| 0 eng d | ||
| 024 | _a152430 | ||
| 037 | _cReports | ||
| 040 |
_aRTL _cRTL _beng |
||
| 041 |
_2eng _aeng |
||
| 082 | _a"X729.271r, GD" | ||
| 110 |
_aCentral Provinces and Berar _9384092 |
||
| 245 | 0 | _aReport on the excise administration | |
| 260 | _c1924 | ||
| 300 |
_a98p. _ccm. |
||
| 700 |
_aCentral Provinces and Berar _9384093 |
||
| 942 |
_h"X729.271r, GD" _cCC |
||
| 999 |
_c700567 _d700567 |
||